The Weeknd Songs by Synonyms - Statistics

General Stats
  • This quiz has been taken 155 times
  • The average score is 9 of 20
Answer Stats
Hint Answer % Correct
I Sense it Arriving I Feel It Coming
86%
Very Bright Luminescences Blinding Lights
77%
Hold the Crying Save Your Tears
76%
Let Your Buddies Know Tell Your Friends
75%
The Short Mountains The Hills
73%
By Myself Once More Alone Again
59%
Petroleum Gasoline
54%
The Function and its Sequel The Party & The After Party
53%
Widely Known Popular
44%
Evil Tricks Wicked Games
43%
Frolicking in the Fire Dancing in the Flames
42%
Deservedly Won That Earned It
40%
Tumbling Rock Rolling Stone
37%
Knock the Wind Out of Me Take My Breath
37%
Unloving Heartless
36%
Expired Out of Time
23%
Cue Reminder
16%
Enduring Timeless
15%
Familiar Acquainted
14%
State of Being Locked In The Zone
4%
No matching quizzes found
Score Distribution
Percent of People with Each Score
Percentile by Number Answered
Your Score History
You have not taken this quiz